000 00935nam a2200289 4500
003 EG-GICUC
005 20260427085149.0
008 260427s1925 fr ||||fr|||| 00| 0 fre d
040 _aEG-GiCUC
_bfre
_cEG-GiCUC
_dEG-GiCUC
_eRda
041 0 _afre
082 0 4 _221
_a343.432
_bGE . L
092 0 4 _221
099 _aLaw1 10 343.432 GE . L 3 ed - 1925
100 1 _aGeorgin, M. Charles
_eAuteur
245 1 0 _aLégislation des routes, chemins et rues /
_cM. Charles Georgin.
250 _aTroisiéme Édition
264 1 _aParis :
_bÉcole Spéciale des travaux Publics,
_c1925.
300 _a312 page ;
_c 24 cm.
336 _2rda contenu
_a texte
337 _2rda medias
_aOrdinateur
338 _2 transporteur rda
_a Ressource en ligne
546 _aTexte en français
650 1 4 _aDroit de procédure pénale
856 4 0 _uhttps://fll.law.cu.edu.eg/fulltext/bks/B10-11835.pdf
905 _a30
942 _2ddc
_cBK
_e21
_n0
999 _c73551
_d73551